Statistics for EuroLeague Winners

Click here to take the quiz!

General Stats

  • This quiz has been taken 1,310 times
    (1,158 since last reset)
  • The average score is 12 of 22

Answer Stats

WinsTeam% Correct
11Real Madrid
98%
2FC Barcelona
96%
3Olympiacos
88%
2Anadolu Efes
81%
8CSKA Moscow
81%
6Panathinaikos
78%
1Fenerbahçe
75%
1Partizan
72%
6Maccabi Tel Aviv
68%
3Olimpia Milano
66%
2Virtus Bologna
56%
1Žalgiris
53%
3Split
40%
1Joventut Badalona
33%
2Cibona
32%
1Virtus Roma
30%
3ASK Riga
29%
1Limoges
26%
5Varese
23%
1Bosna
22%
2Cantù
18%
1Dinamo Tbilisi
12%

Score Distribution

Percentile by Number Answered

Percent of People with Each Score

Your Score History

You have not taken this quiz since the last reset